MARC보기
LDR00000nam k2200205 c 4500
001000000178481
00520140407140617
007ta
008120727s2008 ulk 001a bkor
020 ▼a 9788958913832 ▼g 93180: ▼c \12000
040 ▼a 248032 ▼c 248032 ▼d 248032
0411 ▼a kor ▼h eng
0490 ▼l EM85504
056 ▼a 180.99 ▼2 4
090 ▼a 180.99 ▼b T511ㅋ
1001 ▼a Thorne, Brian
24520 ▼a (인간중심치료의 창시자)칼 로저스 / ▼d Brian Thorne 지음 ;, ▼e 이영희, ▼e 박외숙, ▼e 고향자 [공]옮김.
260 ▼a 서울 : ▼b 학지사, ▼c 2008.
300 ▼a 301 p. ; ▼c 23 cm.
44000 ▼a 상담과 심리치료 주요인물 시리즈 ; ▼v 10
504 ▼a 참고문헌(p. 281-293)과 색인(p. 295-301) 수록
50710 ▼t Carl Rogers
653 ▼a 로저스 ▼a 상담 ▼a 심리치료 ▼a 인간중심치료
7001 ▼a 이영희
7001 ▼a 박외숙
7001 ▼a 고향자
90011 ▼a 숀, 브라이언
9500 ▼b \12000
990 ▼a 관리자2 ▼b 관리자2